000 00503nam a2200169 4500
008 0 2006 0a 000 0Mex
020 _a970-686-481-4, 978-970-686-481-9
050 _aTA775 D368 2006
082 _a624.15 D229p
100 _aDas, Braja M.
245 _aPrincipios de ingenieria de cimentaciones / Braja M. Das
250 _a5
260 _aMéxico : Thomson, Cengage Learning
300 _axvii, 743 p. / 24 cm.
500 _aIncluye ap‚ndice
650 _a1. CIMENTACIONES
999 _c19315
_d19315